<?xml version="1.0" encoding="UTF-8"?>
<collection xmlns="http://www.loc.gov/MARC21/slim">
 <record>
  <leader>01388nam a2200193Ia 4500</leader>
  <controlfield tag="001">CTU_159332</controlfield>
  <controlfield tag="008">210402s9999    xx            000 0 und d</controlfield>
  <datafield tag="020" ind1=" " ind2=" ">
   <subfield code="c">70000</subfield>
  </datafield>
  <datafield tag="082" ind1=" " ind2=" ">
   <subfield code="a">621.46</subfield>
  </datafield>
  <datafield tag="082" ind1=" " ind2=" ">
   <subfield code="b">N114</subfield>
  </datafield>
  <datafield tag="245" ind1=" " ind2="0">
   <subfield code="a">500 câu hỏi đáp về thực hành sửa chữa máy điện - động cơ điện</subfield>
  </datafield>
  <datafield tag="245" ind1=" " ind2="0">
   <subfield code="c">Tạ Nguyễn Ngọc ... [et al.]</subfield>
  </datafield>
  <datafield tag="260" ind1=" " ind2=" ">
   <subfield code="a">Hà Nội</subfield>
  </datafield>
  <datafield tag="260" ind1=" " ind2=" ">
   <subfield code="b">Thanh Niên</subfield>
  </datafield>
  <datafield tag="260" ind1=" " ind2=" ">
   <subfield code="c">2008</subfield>
  </datafield>
  <datafield tag="520" ind1=" " ind2=" ">
   <subfield code="a">Cuốn sách 500 Câu Hỏi Đáp Về Thực Hành Sửa Chữa Máy Điện Và Động Cơ Điện được trình bày dưới dạng hỏi - đáp sẽ giúp bạn giải quyết được những khó khăn trong việc sửa chữa máy điện và động cơ điện một cách cụ thể. Cuốn sách không chỉ cung cấp cho bạn thông tin về các máy phát điện, động cơ điện mà còn chỉ dẫn về hệ thống điện trong nhà, hướng dẫn bạn mua dụng cụ, thiết bị điện và cách mắc sao cho an toàn, khoa học. Các câu hỏi từ đơn giản đến phức tạp.</subfield>
  </datafield>
  <datafield tag="650" ind1=" " ind2=" ">
   <subfield code="a">Electric motors,Electric machinery,Động cơ điện,Máy điện</subfield>
  </datafield>
  <datafield tag="904" ind1=" " ind2=" ">
   <subfield code="i">Trọng Hiếu</subfield>
  </datafield>
  <datafield tag="980" ind1=" " ind2=" ">
   <subfield code="a">Trung tâm Học liệu Trường Đại học Cần Thơ</subfield>
  </datafield>
 </record>
</collection>
